Normal view
MARC view
- Letting of contracts.
Entry Topical Term
001 - CONTROL NUMBER
- control field: 24889
003 - CONTROL NUMBER IDENTIFIER
- control field: NUST
005 - DATE AND TIME OF LATEST TRANSACTION
- control field: 20191029101126.0
008 - FIXED-LENGTH DATA ELEMENTS
- fixed length control field: 191029|| aca||aabn | a|a d
040 ## - CATALOGING SOURCE
- Original cataloging agency: NUST
- Transcribing agency: NUST
150 ## - HEADING--TOPICAL TERM
- Topical term or geographic name entry element: Letting of contracts.
670 ## - SOURCE DATA FOUND
- Source citation: Work cat.: (NUST)0: Brook, Martin, author. 24888, Estimating and tendering for construction work /
